Bookworm short stories 5

Bibliographic Details
Format: Book

MARC

LEADER 00000cam a2200000 7i4500
001 0000009436
002 000010275
005 20000330.0
020 |a 9813014709 
090 0 0 |a JF   |b BOO 
245 1 0 |a Bookworm short stories 5 
999 |a 050733   |b BUKU   |c PINJAMAN   |e PERPUSTAKAAN KOMUNITI PETALING JAYA